000 02087nam0a2200373 4500
001 RU\NLR\BIBL_A\011806401
005 20181030142946.0
010 _a978-5-9909742-6-5
_9125
021 _aRU
_bАЛ-П-18-00539и
_9АЛ-П-18-0096
035 _a(NLR Aleph) 011806401
035 _a(RuMoRGB)009738328
090 _a11894245
_c11894245
100 _a20181001d2018 u y0rusy50 ca
101 0 _arus
102 _aRU
105 _aac||zzzz0|0yy
200 1 _aНиколай Тёплый. Живопись и графика
_e[каталог выставки]
_fГалерея "12 июля"
_g[вступительная статья: доктор философских наук, профессор Николай Суворов]
210 _aСанкт-Петербург
_cПолиграфическое предприятие № 3
_d2018
215 _a52, [2] с.
_cил., цв. ил., портр.
_d24
600 1 _aТеплый
_bН. И.
_f1948
_gНиколай Иванович
_jКаталоги
_xВыставки
_yСанкт-Петербург, город
_z2018
_92383380
_3RU\NLR\AUTH\6601642703
601 0 2 _a"12 июля", галерея
_cСанкт-Петербург, город
_jКаталоги
_xВыставки
_z2018
_92383374
_3RU\NLR\AUTH\6601642701
686 1 _aЩ143(2Р=Рус)7-8Теплый л62
686 1 _aЩ153(2Р=Рус)7-8Теплый л62
686 1 _aЩ101.3(2Р)-2Санкт-Петербург2"12 июля", галерея л62
702 1 _aТеплый
_bН. И.
_f1948-
_gНиколай Иванович
_4570
711 1 0 _aТёплый,
_eСанкт-Петербург
_f2018
_gНиколай Иванович
_hВыставка живописи и графики
_9627202
_3RU\NLR\AUTH\880483367
712 0 2 _4557
_a"12 июля", галерея
_cСанкт-Петербург
_9289926
_3RU\NLR\AUTH\8810200870
942 _cBOOK
980 _aNBR
980 _aNB